000 00348pab a2200157 454500
008 180718b2009 xxu||||| |||| 00| 0 eng d
100 _aBhargave, Sanjay
245 _aGetting ready for GST
260 _c2009
300 _ap.992-94.
362 _aDec
650 _aTaxation
773 _aManagement Accountant
908 _aN
909 _a85006
999 _c85006
_d85006